Cognition in practice : mind, mathematics, and culture in everyday life
Αποθηκεύτηκε σε:
| Κύριος συγγραφέας: | |
|---|---|
| Μορφή: | Βιβλίο |
| Γλώσσα: | English |
| Δημοσίευση: |
Cambridge : New York :
Cambridge University Press,
1988
|
| Θέματα: | |
| Ετικέτες: |
Προσθήκη ετικέτας
Δεν υπάρχουν, Καταχωρήστε ετικέτα πρώτοι!
|
MARC
| LEADER | 00000cam a2200000 i 4500 | ||
|---|---|---|---|
| 001 | 1/60876 | ||
| 008 | 941103s1988 eng d | ||
| 020 | |a 0521350158 | ||
| 020 | |a 0521357349 | ||
| 035 | |l 10074372 | ||
| 035 | |a 1990 |c ΔΑΡΖΕΝΤΑΣ | ||
| 040 | |a GR-MY-UA |b gre |e aacr | ||
| 041 | 0 | |a eng | |
| 082 | 0 | |a 153.4 |2 (19) | |
| 100 | 1 | |a Lave, Jean. | |
| 245 | 1 | 0 | |a Cognition in practice : |b mind, mathematics, and culture in everyday life / |c Jean Lave |
| 260 | |a Cambridge : |a New York : |b Cambridge University Press, |c 1988 | ||
| 300 | |a xv, 214 p.; |b ill.; |c 24 cm | ||
| 500 | |a Includes index | ||
| 504 | |a Bibliography: p. 206-214 | ||
| 650 | 0 | 0 | |a Cognition. |
| 650 | 0 | 0 | |a Psychology, Applied. |
| 852 | |a INST |b RHODES |e 20040914 |h 153.4 LAV |p 005400018627 |q 005400018627 |t BK |y 0 | ||
| 852 | |a INST |b SAMOS |e 19941103 |h 153.4 LAV |p 005300002123 |q 005300002123 |t BK |y 0 | ||
| 901 | |a BIBL4-2004-3 | ||
| 909 | |a Σ |b 018888 | ||
| 909 | |a Ρ |b 113140 | ||
| 922 | |a 4ΕΛΗ |b 200408 |c ΕΠΕΑΕΚ2/ΤΕΠΑΕΣ |d ΜΙΧΑΛΟΠΟΥΛΟΣ | ||
| 950 | |a 096-2004-06-17 | ||
| 970 | |a ΚΟΥΛΑΚΙΟΤΗ |b ΛΙΤΣΑ |z 2004/09/15 | ||